| 000 | 00669nam a2200229Ia 4500 | ||
|---|---|---|---|
| 008 | 160404s9999 xx 000 0 und d | ||
| 020 | _a971-23-3172-5 | ||
| 050 | _aFIL TS 155 | ||
| 050 | _b.A53 2001 | ||
| 100 | _aAndres, Tomas Quintin D. | ||
| 245 | _aProduction management in the Philippine setting / | ||
| 245 | _cTomas Quintin D. Andres | ||
| 260 | _aManila : | ||
| 260 | _bRex Book Store, Inc., | ||
| 260 | _c2001 | ||
| 300 | _a407 pages : | ||
| 300 | _billustrations ; | ||
| 300 | _c22 cm. | ||
| 500 | _aIncludes bibliographical references. | ||
| 650 | _aProduction management -- Philippines. | ||
| 650 | _xIndustrial management -- Philippines. | ||
| 999 |
_c293314 _d293314 |
||